1674 1364 1698 1205 1713 1024 1224 1254 1945 1452 1043 1535 1457 1701 1679 1129 1080 1123 1262 1777 1261 1430 1229 1039 1412 1888 1314 1093 1931 1368 1221 1962 1992 1079 1414 1229 1657 1160 1344 1059 1691 1211 1369 1775 1099 1909 1642 1622 1956 1888 1556 1044 1776 1099 1404 1876 1106 1099 1391 1775 1017 1810 1554 1293 1132 1880 1298 1902 1129 1194 1160 1629 1155 1742 1603 1036 1200 1281 1278 1264 1756 1098 1068 1127 1001 1732 1391 1428 1089 1093 1687 1314 1977 1641 1169 1665 1049 1979 1764 BCNSPRNW ULIB Ver.6.0+V

เปลี่ยนเป็นภาษาไทย

Change to English
 แสดงรายละเอียดบรรณานุกรม
  กลับหน้าหลัก

Brief Record : Get Marc (ISO 2709) : E-mail record : QR code < ปิดหน้าต่าง
LEADER : 00000nam 2200000uu 4500
001    13399110408
003     ULIB
008    110519s2007||||th 000 0 eng d
020    032303764X
024    9780323037648
060 04 QU145^bS341w 2007
100 1  Schlenker, Eleanor D.
245 10 Williams essentials of nutrition & diet therapy
246 30 Williams essentials of nutrition and diet therapy
246 30 Essentials of nutrition and diet therapy
250    9th ed. /bEleanor D. Schlenker, Sara Long
260    St. Louis, Mo. :^bElsevier Mosby,^c2007
300    xx, 807 p. :^bcol. ill. ;^c28 cm. +^e1 computer laseroptical disc (4 3/4 in.)
500    Rev. ed. of: Essentials of nutrition and diet therapy /Sue Rodwell Williams, Eleanor D. Schlenker. 8th ed. c2003
504    Includes bibliographical references and index
650  2 Diet Therapy
650  2 Nutrition
650  2 Nutrition Physiology
700 1  Long, Sara
700 1  Williams, Sue Rodwell.^tEssentials of nutrition and diettherapy
945    ^p0^l0^i030084
995    Kesorn
999 ^a ใช้งานได้ทุกระบบ
รายการนี้ยังไม่มีแท็ก
คุณยังไม่ได้ล็อกอิน คุณสามารถมีกิจกรรมร่วมกับเว็บไซต์ได้ แต่ต้องล็อกอินก่อน ::
  ล็อกอิน

รายการสื่อสารสนเทศ

ลำดับที่ ประเภท เลขเรียก/บาร์โค้ด สถานที่ สถานะ
- ไม่พบข้อมูล -

รายการใกล้เคียง
    ผู้แต่ง [Schlenker, Eleanor D.]

    หัวเรื่อง [Diet Therapy]
    หัวเรื่อง [Nutrition]
    หัวเรื่อง [Nutrition Physiology]

BibComment


ยังไม่เคยถูกคอมเมนท์

คอมเมนท์ทรัพยากรรายการนี้
  คอมเมนท์: Williams essentia..


 Copyright 2026. Bcnsprnw @Library